000 00614nam a2200181Ia 4500
008 090123s9999 xx 000 0 und d
082 _b31935
100 _aमिस्त्री भुपेंद्र
245 _aनो फॉरमॅलिटिज
250 _a0
260 _bमायबोली प्रकाशन
_c2000
300 _a85
600 _aमिस्त्री भुपेंद्र
630 _aनो फॉरमॅलिटिज
700 _aमिस्त्री भुपेंद्र
730 _aनो फॉरमॅलिटिज
942 _cBOOK
999 _c69994
_d69994